<The> Valus and Allocation of Time in Hihg-Income Countries Implications for Fertility

Gespeichert in:
Bibliographische Detailangaben
1. Verfasser: Schultz, T. Paul
Format: Buch
Sprache:Englisch
Veröffentlicht: New Haven Yale University 1987
Ausgabe:1. ed.
Schriftenreihe:Center Paper No.391
Tags: Tag hinzufügen
Keine Tags, Fügen Sie das erste Tag hinzu!

MARC

LEADER 00000nam a2200000 4500
001 c037560
005 20221219120810.5
041 0 |a eng 
044 |a US 
245 1 0 |a <The> Valus and Allocation of Time in Hihg-Income Countries  |b Implications for Fertility  |c T. Paul Schultz 
250 |a 1. ed. 
264 1 |a New Haven  |b Yale University  |c 1987 
300 |a S.87-110 
490 1 |a Center Paper  |v No.391 
830 0 |a Center Paper  |v No.391 
100 1 |a Schultz, T. Paul